00485nam a22001337a 4500008004100000040005500041080002700096245004900123260004100172300001000213500009800223650001300321653001700334230605b |||||||| |||| 00| 0 eng d aNational Science LibrarycNational Science Library aR 016:571/572(540)bK0 aBibliography of Indologyc/ National Library aCalcutta: bNational Library, c1960 a290p. aVol. 1 (Indian Anthropology) Vol. 2 (Indian Botany) Vol. 3 (Bengali language and literature)  aLanguage aDictionaries